| 000 | 00725nam a22001337a 4500 | ||
|---|---|---|---|
| 040 | _cRUA | ||
| 082 | _aAED DOU 2015 B500 Or.1 | ||
| 100 | _aDOUNG KIMHOUR; ដួង គីមហួរ | ||
| 245 | _aThe study on economics efficiency of rainy season rice production in prey nhy commune, sompov meas district, pursat province, ការសិក្សាអំពីប្រសិទ្ធភាពសេដ្ឋកិច្ចលើផលិតកម្មដំណាំស្រូវវស្សានៅឃុំព្រៃញី ស្រុកសំពៅមាស ខេត្តពោធិ៍សាត់ | ||
| 260 |
_aRUA _bDOU _c2015 |
||
| 300 |
_ax,48p. _bill. _c29cm. |
||
| 856 | _u DOUNG KIMHOUR | ||
| 942 | _cAED | ||
| 999 |
_c10487 _d10487 |
||